Ozeane - Statistiken

Allgemein
  • Dieses Quiz wurde 718 mal gespielt
  • Das Durchschnittsergebnis liegt bei 4 aus 5
Antwortstatistiken
Ozeane % Korrekt
Pazifischer Ozean
98%
Atlantischer Ozean
94%
Indischer Ozean
86%
Arktischer Ozean
49%
Antarktischer Ozean
37%
Keine übereinstimmenden Quizze gefunden
Verteilung der Resultate
Anzahl Personen mit jedem Resultat
Perzentil nach korrekt beantworteten Fragen
Ihre Resultats-Entwicklung
Sie haben dieses Quiz noch nicht gespielt